Sekretarze Generalni ONZ - Statystyki

Ogólne statystyki
  • Ten quiz został rozwiązany 441 razy
  • Średni wynik to 7 z 18
Statystyki odpowiedzi
Odpowiedź % Poprawnych
Kofi Annan
69%
Portugalska
54%
Południowokoreańska
50%
Szwedzka
49%
Norweska
47%
Ban Ki-moon
45%
António Guterres
44%
Ghańska
42%
Austriacka
41%
Egipska
39%
Peruwiańska
32%
Kurt Waldheim
31%
Trygve Lie
31%
U Thant
31%
Boutros Boutros-Ghali
30%
Dag Hammarskjöld
30%
Birmańska
28%
Javier Pérez de Cuellar
23%
Nie znaleziono quizów pasujących do podanych kryteriów
Rozkład punktacji
Procent ludzi z każdym wynikiem
Percentyl według liczby udzielonych odpowiedzi
Twoja historia wyników
Nie rozwiązałeś tego quizu